000 00481nam a2200181Ia 4500
003 GCL
008 140319s9999 xx 000 0 eng d
040 _aGCL /
_cGCL
082 0 4 _a759
_bB G
100 1 _aBASILE, GIUSEPPE
245 1 0 _aGIOTTO: THE ARENA CHAPEL FRECOES /
_cBASILE, GIUSEPPE
260 _a[S.N] :
_bTHAMES AND HUDSON ،
_c1992
300 _a386P
650 0 4 _aGIOTTO
650 0 4 _aPAINTERS AND PAINTINGS
650 0 4 _aPAINTINGS - HOLY FAMILS
942 _2ddc
_cBK
999 _c11951
_d11951